NFL - Running Back's - Statistics

General Stats
  • This quiz has been taken 24 times
  • The average score is 10 of 18
Answer Stats
Team Draft Year Answer % Correct
Vikings 2007 Adrian Peterson
100%
Cowboys 1990 Emmitt Smith
90%
Colts 2020 Jonathan Taylor
85%
Chargers 2001 LaDainian Tomlinson
85%
Titans 2008 Chris Johnson
70%
49ers 2005 Frank Gore Sr.
65%
Browns 2018 Nick Chubb
65%
Cowboys 2016 Ezekial Elliott
60%
Broncos 1995 Terrell Davis
60%
Titans 1996 Eddie George
55%
Ravens 2000 Jamal Lewis
55%
Colts 1999 Edgerrin James
50%
Bills 2001 Travis Henry
45%
Broncos 2002 Clinton Portis
40%
Bengals 1997 Corey Dillon
35%
Redskins 2012 Alfred Morris
25%
Patriots 1995 Curtis Martin
25%
Packers 2007 Ryan Grant
10%
No matching quizzes found
Score Distribution
Percent of People with Each Score
Percentile by Number Answered
Your Score History
You have not taken this quiz